000 00390nam a22001697a 4500
005 20160629122919.0
008 160629b xxu||||| |||| 00| 0 eng d
020 _a0-415-28419-8
041 _aeng
082 _b10810
100 _aHog, Frank and Stanworth John
_93169
245 _aFranchising
260 _bRoutledge
_c2003
300 _a251
650 _aManagement
_9241
942 _cBK
999 _c4646
_d4644